ბათუმის შოთა რუსთაველის სახელმწიფო უნივერსიტეტის ბიბლიოთეკა

Физико-химические методы анализа. (ბიბ.ჩანაწერი № 38234)

000 -LEADER
fixed length control field 00679nam a2200217Ia 4500
001 - CONTROL NUMBER
control field 4224
003 - CONTROL NUMBER IDENTIFIER
control field GE_BSU
008 - FIXED-LENGTH DATA ELEMENTS--GENERAL INFORMATION
fixed length control field 181216s||||||||xx |||||||||||||| ||und||
040 ## - CATALOGING SOURCE
Transcribing agency GE_BSU
080 ## - UNIVERSAL DECIMAL CLASSIFICATION NUMBER
Universal Decimal Classification number 543.5(075)
100 ## - MAIN ENTRY--PERSONAL NAME
Personal name Барковский В.Ф. Горелик,С.М. Городенцева,Т.Б.
245 ## - TITLE STATEMENT
Title Физико-химические методы анализа.
245 ## - TITLE STATEMENT
Remainder of title Учебник.
245 ## - TITLE STATEMENT
Statement of responsibility, etc. Ред. Г.С.Гольденберг.
260 ## - PUBLICATION, DISTRIBUTION, ETC.
Place of publication, distribution, etc. М.
260 ## - PUBLICATION, DISTRIBUTION, ETC.
Name of publisher, distributor, etc. Высш. школа.
260 ## - PUBLICATION, DISTRIBUTION, ETC.
Date of publication, distribution, etc. 1972.
300 ## - PHYSICAL DESCRIPTION
Extent 344стр. 22см. с илл.
653 ## - INDEX TERM--UNCONTROLLED
Uncontrolled term Физико-химические методы анализа.
942 ## - ADDED ENTRY ELEMENTS (KOHA)
Koha item type წიგნი
ეგზემპლარები
Withdrawn status Lost status Damaged status Not for loan Date acquired Barcode Date last seen Price effective from Koha item type Public note
        2018-12-17 9511 2018-12-17 2018-12-17 წიგნი საცავი